000
00296nam a2200121Ia 4500
008
220204s9999 xx 000 0 und d
082
_a
547
_b
CRA
100
_a
Cram, Donald J
245
0
_a
Organic chemistry
260
_a
New York
_b
McGraw Hill
_c
1959
700
_a
Hammond, George S
942
_c
BK
999
_c
19721
_d
19721